BIBLIOTECA “JULIO CORTÁZAR”
ESCUELA AGROTÉCNICA “LIBERTADOR GENERAL SAN MARTÍN” - UNR – CASILDA

Logo Escuela Logo UNR

Los Virus. / (Record no. 261)

MARC details
000 -LEADER
campo de control de longitud fija 00727nam#a22002775a#4500
001 - NÚMERO DE CONTROL
campo de control 261
008 - DATOS DE LONGITUD FIJA--INFORMACIÓN GENERAL
campo de control de longitud fija 060511s19681968ag#a##########001#0#spa#d
080 ## - NÚMERO DE LA CLASIFICACIÓN DECIMAL UNIVERSAL
Número de la Clasificación Decimal Universal 581.2
084 ## - OTRO NÚMERO DE CLASIFICACIÓN
Número de clasificación L47
040 ## - FUENTE DE CATALOGACIÓN
Centro catalogador/agencia de origen AR-ClEAG
Centro/agencia transcriptor AR-ClEAG
005 - FECHA Y HORA DE LA ÚLTIMA TRANSACCIÓN
campo de control 20241107184630.0
003 - IDENTIFICADOR DE NÚMERO DE CONTROL
campo de control AR-ClEAG
100 1# - ENTRADA PRINCIPAL--NOMBRE DE PERSONA
Nombre de persona Pierre, Lépine.
245 10 - MENCIÓN DEL TÍTULO
Título Los Virus. /
Mención de responsabilidad, etc. Lépine Pierre.
250 ## - MENCION DE EDICION
Mención de edición 3ª ed.
260 ## - PUBLICACIÓN, DISTRIBUCIÓN, ETC.
Lugar de publicación, distribución, etc. Buenos Aires :
Nombre del editor, distribuidor, etc. EUDEBA,
Fecha de publicación, distribución, etc. 1968.
300 ## - DESCRIPCIÓN FÍSICA
Extensión 111 p. :
Otras características físicas graf. ;
Dimensiones 11 cm.
490 0# - MENCIÓN DE SERIE
Mención de serie Virus ;
Designación de volumen o secuencia v. 1
653 ## - TÉRMINO DE INDIZACIÓN--NO CONTROLADO
Término no controlado Características de los virus
653 ## - TÉRMINO DE INDIZACIÓN--NO CONTROLADO
Término no controlado Reproducción
653 ## - TÉRMINO DE INDIZACIÓN--NO CONTROLADO
Término no controlado Composición química
653 ## - TÉRMINO DE INDIZACIÓN--NO CONTROLADO
Término no controlado ¿ Los virus son seres vivos?.
653 ## - TÉRMINO DE INDIZACIÓN--NO CONTROLADO
Término no controlado Enterovirus.
653 ## - TÉRMINO DE INDIZACIÓN--NO CONTROLADO
Término no controlado Tumores virales de los animales.
942 ## - ELEMENTOS DE ENTRADA SECUNDARIOS (KOHA)
Tipo de ítem Koha Libros
980 ## - EQUIVALENCIA O REFERENCIA-CRUZADA-MENCIÓN DE SERIE--NOMBRE DE PERSONA/TÍTULO [LOCAL, CANADÁ]
Enlace 2
Nombre de persona Evangelina Gallicchio
Enlace entre campo y número de secuencia 2
Información miscelánea Evangelina Gallicchio
Holdings
Estatus retirado Estado de pérdida Fuente del sistema de clasificación o colocación Estado de daño No para préstamo Biblioteca de origen Biblioteca actual Ubicación en estantería Fecha de adquisición Número de inventario Total de préstamos Signatura topográfica completa Código de barras Visto por última vez Precio de reemplazo Tipo de ítem Koha
    Clasificación decimal universal     Julio Cortázar Julio Cortázar   07/11/2024 238   R05 581.2 L47 1 1 Ej.1 238 07/11/2024 07/11/2024 Libros

Contacto

Biblioteca Julio Cortázar. Escuela Agrotécnica "Libertador San Martín". Universidad Nacional de Rosario
Dirección: Ov. Lagos 1000 - 2170 Casilda - Santa Fe - Argentina
Tel: (54) (03464) 422226.
Fax: (54) (03464) 427789.
E-Mail: biblio-eac@unr.edu.ar